Doctor Who Planets - Statistics

General Stats
  • This quiz has been taken 212 times
    157 since last reset
  • The average score is 11 of 21
Answer Stats
Hint Answer % Correct
Home planet of the Time Lords Gallifrey
100%
Home planet of the Daleks, the Thals, and the Kaleds Skaro
93%
Red planet, home to the Ice Warriors Mars
88%
Resort planet with a diamond landscape Midnight
75%
Original home planet of the Cybermen Mondas
72%
Twin planet of above, home to the Abzorbaloff Clom
70%
The Doctor's final resting place Trenzalore
69%
Planet containing every book to ever exist The Library
66%
Home planet of the Slitheen Raxacoricofallapatorius
65%
Home planet of the Sontarans Sontar
64%
Home to an immortal sisterhood Karn
56%
Where humans settled after the destruction of Earth New Earth
56%
Sentient planet, considered a god by inhabitants of the orbiting asteroids Akhaten
47%
Home planet of the Ood The Ood-Sphere
45%
Planet of mathematicians, visited by the Fourth Doctor shortly before his regeneration Logopolis
37%
Icy planet colonised by Cybermen Telos
35%
Twin planets, the only source of spectrox {Androzani} Major
32%
Twin planets, the only source of spectrox {Androzani} Minor
32%
'Impossible' planet orbiting a black hole Krop Tor
20%
Home planet of the Zarbi and the Menoptera Vortis
12%
Number one in the Top 10 Destinations for the Discerning Traveller Planet of the Coffee Shops
8%
No matching quizzes found
Score Distribution
Percent of People with Each Score
Percentile by Number Answered
Your Score History
You have not taken this quiz since the last reset